Countries in the Western Hemisphere - Statistics

General Stats
  • This quiz has been taken 1,778 times
    831 since last reset
  • The average score is 46 of 64
Answer Stats
Answer % Correct
United States
98%
Canada
97%
Mexico
94%
Brazil
93%
Argentina
92%
Chile
91%
Panama
90%
Cuba
89%
Paraguay
89%
Costa Rica
88%
Peru
88%
Belize
87%
Dominica
87%
El Salvador
87%
Honduras
87%
Uruguay
87%
Venezuela
87%
Guatemala
86%
Guyana
86%
Haiti
86%
Bolivia
85%
Colombia
85%
Suriname
85%
Ecuador
84%
Bahamas
83%
Jamaica
83%
Nicaragua
83%
Dominican Republic
82%
Trinidad and Tobago
77%
Barbados
75%
France
75%
Saint Lucia
75%
United Kingdom
75%
Antigua and Barbuda
73%
Saint Kitts and Nevis
73%
Saint Vincent and the Grenadines
73%
Spain
72%
Grenada
70%
Portugal
70%
Iceland
69%
Ireland
66%
Denmark
64%
Morocco
64%
Algeria
59%
Guinea
58%
Senegal
58%
Gambia
57%
Mali
57%
Mauritania
57%
Ghana
56%
Guinea-Bissau
54%
Russia
54%
Ivory Coast
53%
Sierra Leone
52%
Cape Verde
51%
Liberia
51%
Kiribati
49%
Burkina Faso
47%
Netherlands
47%
Samoa
45%
Fiji
44%
Tonga
44%
Tuvalu
42%
New Zealand
40%
No matching quizzes found
Score Distribution
Percent of People with Each Score
Percentile by Number Answered
Your Score History
You have not taken this quiz since the last reset